header

Introduction to private equity (Record no. 28162)

MARC details
000 -LEADER
fixed length control field 01498nam a2200373 a 4500
082 04 - DEWEY DECIMAL CLASSIFICATION NUMBER
Classification number 332.6
100 1# - MAIN ENTRY--AUTHOR NAME
Personal name Demaria, Cyril.
245 10 - TITLE STATEMENT
Title Introduction to private equity
250 ## - EDITION STATEMENT
Edition statement 2nd ed.
260 ## - PUBLICATION, DISTRIBUTION, ETC. (IMPRINT)
Place of publication Chichester, West Sussex, U.K. :
Name of publisher Wiley,
Year of publication c2013.
300 ## - PHYSICAL DESCRIPTION
Number of Pages 1 online resource (xvi, 392 p.) :
Other physical details ill. (some col.), graphs.
490 1# - SERIES STATEMENT
Series statement Wiley Finance
650 #0 - SUBJECT ADDED ENTRY--TOPICAL TERM
Topical Term Private equity.
856 40 - ELECTRONIC LOCATION AND ACCESS
Uniform Resource Identifier http://site.ebrary.com/lib/rucke/Doc?id=10719162
588 ## -
-- Description based on online resource; title from title page (ebrary, viewed June 20, 2013).

No items available.

© 2026 Rongo University
Contact us: librarian | system librarian | Rongo university